| 000 | 00867nas a2200277 4500 | ||
|---|---|---|---|
| 001 | BR2011004104 | ||
| 003 | BR-BrBNA | ||
| 005 | 20231205115452.0 | ||
| 007 | ta | ||
| 008 | 230509b bl.|||p| |||| 00| 00por d | ||
| 040 |
_aBR-BrBNA _bpor _cBiblioteca Nacional de Agricultura |
||
| 041 | _a(Pt) | ||
| 072 | _aK10 | ||
| 100 | 1 | _aScheer, M.B. | |
| 100 | 1 | _aCarneiro, C. | |
| 100 | 1 | _aSantos, K.G. dos | |
| 245 | 1 | _aSubstratos à base de iodo de esgoto compostado na produção de mudas de Parapiptadenia rigida (Benth.)Brenan | |
| 650 | _aANGICO VERMELHO | ||
| 650 | _aÁRVORE ANGIOSPERMA | ||
| 650 | _aCRESCIMENTO | ||
| 650 | _aFERTILIZANTE | ||
| 650 | _aVIVEIRO FLORESTAL | ||
| 773 | 0 |
_tScientia Forestalis (Brazil) _xISSN 1413-9324 _g(Dec 2010), v. 38(88) p. 637-644 _wBR2011004104 |
|
| 909 |
_a202311 _bLúcia _c55 _dLúcia Elande |
||
| 942 |
_2AGRIS _n0 _cANA |
||
| 999 |
_c213976 _d213976 |
||